East Asian literatures (Japanese, Chinese and Korean) (Record no. 1674)

MARC details
000 -LEADER
fixed length control field 00790 a2200217 4500
010 ## - LIBRARY OF CONGRESS CONTROL NUMBER
LC control number ENG-85217
020 ## - INTERNATIONAL STANDARD BOOK NUMBER
International Standard Book Number 817211205X
Terms of availability 1250.00
035 ## - SYSTEM CONTROL NUMBER
System control number EN-68750
037 ## - SOURCE OF ACQUISITION
Source of stock number/acquisition D.B.Act / Pub
082 14 - DEWEY DECIMAL CLASSIFICATION NUMBER
Classification number 800
090 ## - LOCALLY ASSIGNED LC-TYPE CALL NUMBER (OCLC); LOCAL CALL NUMBER (OCLC)
-- 1704
-- 1704
245 1# - TITLE STATEMENT
Title East Asian literatures (Japanese, Chinese and Korean)
Statement of responsibility, etc edited by P. A. George
Remainder of title an interface with India
260 ## - PUBLICATION, DISTRIBUTION, ETC. (IMPRINT)
Place of publication, distribution, etc New Delhi
Name of publisher, distributor, etc Northern Book Centre
Date of publication, distribution, etc 2006.
270 ## - ADDRESS
Address 4221/1, Ansari Road, Darya Ganj
City New Delhi
State or province Delhi
Postal code 110002
Telephone number 23264519
Fax number 23252651
300 ## - PHYSICAL DESCRIPTION
Extent xxv, 217 p.
Dimensions 22 cm. (Hb)
500 ## - GENERAL NOTE
General note Includes bibliographical references and index
650 ## - SUBJECT ADDED ENTRY--TOPICAL TERM
Topical term or geographic name as entry element Literature
Geographic subdivision Asian
700 ## - ADDED ENTRY--PERSONAL NAME
Personal name George, P.A.
942 ## - ADDED ENTRY ELEMENTS (KOHA)
Institution code [OBSOLETE] dpl
Koha item type English Books
Call number prefix 800 / GEO
Holdings
Withdrawn status Lost status Source of classification or shelving scheme Damaged status Not for loan Collection code Home library Current library Source of acquisition Cost, normal purchase price Total Checkouts Full call number Barcode Date last seen Copy number Uniform Resource Identifier Cost, replacement price Price effective from Koha item type
    Dewey Decimal Classification   Not For Loan Non-fiction D.B.Act.Division D.B.Act.Division DBAD/PUB 1250.00   800 EAS EN-68750 15/09/2008 1 1772 1250.00 15/09/2008 English Books

© Delhi Public Library
Hit Counter
free hit counter